| 000 | 00636nam a2200181Ia 4500 | ||
|---|---|---|---|
| 008 | 090630s9999 xx 000 0 und d | ||
| 082 | _b25275 | ||
| 100 | _aबर्वे राजेंद्र. | ||
| 245 |
_aसवयीचे गुलाम. _cबर्वे राजेंद्र. |
||
| 260 |
_bमनोविकास - पुणे. _c2005 |
||
| 300 | _a120 | ||
| 600 | _aबर्वे राजेंद्र. | ||
| 630 | _aसवयीचे गुलाम. | ||
| 655 | _aइतर. | ||
| 700 | _aबर्वे राजेंद्र. | ||
| 730 | _aसवयीचे गुलाम. | ||
| 942 | _cBOOK | ||
| 999 |
_c277131 _d277131 |
||